Determinación de parámetros edafoclimáticos e hidrofísicos de los suelos en el Centro de Desarrollo Tecnológico, Santa Rosa

Presenta la determinación de parámetros Edafoclimáticos e Hidrofísicos de los suelos en el Centro de Desarrollo Tecnológico, Santa Rosa, se realizó un análisis de suelos a través de descripciones morfológicas y ensayos de campo, de los resultados hidro – físicos se interpretaron en el labo...

Full description

Bibliographic Details
Main Authors: Meléndez, Alexander Javier, Medina Quintana, Carlos Jonathan
Other Authors: Tutor: Aguilar Velásquez, Alvaro Beni
Format: Tesis Section = Libro
Language:Undetermined
Spanish
Published: Managua UNI 2011
Subjects:
LEADER 01483nam a2200277Ia 4500
008 240830s9999 xx 000 0 und d
040 |a BIBLIOTECA-RUPAP Mon 631.4 M519 
041 |a spa 
082 |a Mon 631.4 M519 
100 1 |a Meléndez, Alexander Javier 
100 1 |b  Medina Quintana, Carlos Jonathan 
245 1 0 |a Determinación de parámetros edafoclimáticos e hidrofísicos de los suelos en el Centro de Desarrollo Tecnológico, Santa Rosa 
260 |a Managua  |b UNI  |c 2011 
300 |a 85 p. :il. 
500 |a Contiene: anexos. 
502 |a Tesis (Ingeniero Agrícola)- UNI, 2011. 
520 3 |a Presenta la determinación de parámetros Edafoclimáticos e Hidrofísicos de los suelos en el Centro de Desarrollo Tecnológico, Santa Rosa, se realizó un análisis de suelos a través de descripciones morfológicas y ensayos de campo, de los resultados hidro – físicos se interpretaron en el laboratorio de las muestras extraídas en las profundidades establecidas, se realizó un levantamiento alti – planímetro utilizando como instrumento de medición topográfico una estación total con la finalidad de conocer la extensión del CDT Santa Rosa. 
650 7 |a SUELOS 
650 7 |b ANALISIS DE SUELOS 
650 7 |c PROPIEDADES HIDRICAS DEL SUELO 
650 7 |d AGUA PARA CULTIVOS 
650 7 |e PROPIEDADES HIDROFISICAS DEL SUELO 
700 1 |a Tutor:  |b Aguilar Velásquez, Alvaro Beni 
942 |c BK  |2 ddc 
991 |a TESIS 
999 |c 16641